LEADER 01387nam a2200253 4500 001 000000339354 003 CaOOAMICUS 005 20200211125044.0 008 200211s1781 fr a 000 u fre r 026 $aE.TS leJe esr- d'JE (3) 1781 (R) 040 $aSeMil$bita 245 00$a5.2: Lettres sur divers sujets d'histoire naturelle. 264 1$aA Neuchatel :$bDe l'imprimerie de Samuel Fauche, libraire du Roi,$c1781. 300 $a[4], 412, 2 p., VIII c. di tav. :$bill. ;$c4° 500 $aVignetta calcogr. (Alveare), sottoscritta: Bradt. fec, sul front. 500 $aVignetta calcogr. (Personaggio seduto che detta una lettera), sottoscritta: Bradt. fec, a c. A2r 500 $aSegn.: ?² A-3E? 3F² ?1 700 11$aBonnet, Charles,$d<1720-1793>.$0(OLS)http://semarc/name/12792 773 0 $aBonnet, Charles <1720-1793>$tOeuvres d'histoire naturelle et de philosophie de Charles Bonnet ... Tome 1. [-8.].$dA Neuchatel : De l'imprimerie de Samuel Fauche, libraire du Roi, 1779-1783.$g5.2$w()339334 850 $aSeMil 852 $aSeMil$W1$xVenegono$y1$m3XC IV 5/2 FA$j218518$B230451$CSeMilBibl$Z2$F230451 $8I 996 $6245$a5.2: Lettres sur divers sujets d'histoire naturelle$9(OLS)http://semarc/title/428179 996 $6264$aA Neuchatel :$bDe l'imprimerie de Samuel Fauche, libraire du Roi$9(OLS)http://semarc/publisher/58838 LEADER 01092nam a2200229 i 4500 001 000000186670 003 CaOOAMICUS 005 20100303000000.0 008 100303s1968 fr u000 u fre u 013 $a164724 040 $aSeMil$bita 100 1 $aDaniélou, Jean,$c.$0(OLS)http://semarc/name/50 245 13$aLa catéchèse aux premiers siècles /$cCours du R.P. Jean Daniélou ; rédigé par Régine Du Charlat. 260 $aParis :$bFayard-Mame,$ccopyr. 1968. 300 $a269 p. ;$c20 cm. 490 0 $aISPC, École de la foi : collection de l'Institut Supérieur de Pastorale Catéchétique 700 1 $aDu Charlat, Régine.$0(OLS)http://semarc/name/68534 830 0$aISPC, École de la foi : collection de l'Institut Supérieur de Pastorale Catéchétique.$0(OLS)http://semarc/title/30868 850 $aSeMil 852 $aSeMil$W1$xVenegono$y1$m2T I 255/A$j137357$B137357$CSeMilBibl$Z2$F148868 $81 996 $6245$aLa catéchèse aux premiers siècles$9(OLS)http://semarc/title/268417 996 $6260$aParis :$bFayard-Mame$9(OLS)http://semarc/publisher/31967 LEADER 01140nam a2200289 i 4500 001 000000123181 003 CaOOAMICUS 005 20040324000000.0 008 040324s1988 ru u000 u ger u 013 $a95877 020 $a5-7300-0102-9 040 $aSeMil$bita 240 00$aErmitage.$0(OLS)http://semarc/title/181260 245 10$aErmitage Leningrad :$bwesteuropäische Malerei. 260 $aLeningrado :$bAurora-Kunstverlag,$ccopyr. 1988. 300 $a13, [105] p. di tav. ;$c29 cm. 490 0 $aAurora-Galerie 500 $aFondo Card. C.M. Martini. 650 4$aSan Pietroburgo - Ermitage.$0(OLS)http://semarc/subject/23485 830 0$aAurora-Galerie.$0(OLS)http://semarc/title/14864 850 $aSeMil 852 $aSeMil$W1$xVenegono$y1$m5I XII 36$j77965$B77965$CSeMilBibl$Z2$F81201 $81 941 1 $a4 961 $aOmaggio: Martini Card. Carlo Maria 996 $6020$a5-7300-0102-9$9(OLS)http://semarc/number/108811 996 $6245$aErmitage Leningrad :$bwesteuropäische Malerei$9(OLS)http://semarc/title/181261 996 $6260$aLeningrado :$bAurora-Kunstverlag$9(OLS)http://semarc/publisher/33098